Guess the Taylor Swift Song (Fearless TV) 24 - Statistics

General Stats
  • This quiz has been taken 9 times
  • The average score is 282 of 375
Answer Stats
Answer % Correct
a
100%
And
100%
and
100%
do,
100%
do
100%
for
100%
I
100%
I'm
100%
"I'm
100%
In
100%
in
100%
is
100%
Is
100%
it,
100%
love
100%
me
100%
Me
100%
me,
100%
me?
100%
my
100%
night
100%
of
100%
on
100%
the
100%
there
100%
Wait
100%
with
100%
With
100%
you
100%
you"
100%
you,
100%
You
100%
all
83%
All
83%
away
83%
back
83%
Cause
83%
cause
83%
door
83%
from
83%
it's
83%
Leave,
83%
leave,
83%
mad,
83%
need
83%
pourin'
83%
rain,
83%
see
83%
she
83%
side
83%
so
83%
So,
83%
stand
83%
that
83%
That
83%
up
83%
we
83%
when
83%
your
83%
but
67%
But
67%
but"
67%
but,
67%
can
67%
can't
67%
come
67%
don't
67%
down
67%
eyes
67%
face
67%
had
67%
if
67%
I've
67%
know
67%
left,
67%
little
67%
look
67%
more
67%
not
67%
nothing
67%
other
67%
out
67%
really
67%
right
67%
said,
67%
said
67%
say
67%
tell
67%
"This
67%
this
67%
time
67%
to
67%
To
67%
walked
67%
want
67%
what
67%
white
67%
after
50%
After
50%
babe,
50%
baby,
50%
beautiful
50%
dress
50%
even
50%
everything,
50%
everything
50%
fight,
50%
Going
50%
going
50%
heat
50%
here
50%
keep
50%
lies
50%
make
50%
mess?
50%
might
50%
outside
50%
over
50%
scream
50%
Screaming,
50%
"There's
50%
wanted
50%
was
50%
were
50%
why
50%
you've
50%
again
33%
at
33%
black
33%
both
33%
broke
33%
car
33%
carry
33%
chase
33%
closer
33%
conversation
33%
couldn't
33%
cryin',
33%
enough"
33%
faded
33%
pebbles
33%
pickin'
33%
picture
33%
stay
33%
things
33%
through
33%
throwing
33%
times,
33%
window,
33%
words
33%
worth
33%
Yeah
33%
alone
17%
called
17%
confess
17%
hundred
17%
Ignoring
17%
mean
17%
misread
17%
must
17%
phone
17%
photographs,
17%
pride,
17%
remember
17%
saying,
17%
sittin'
17%
slammin'
17%
stairs
17%
staring
17%
stupid
17%
trying
17%
No matching quizzes found
Score Distribution
Percent of People with Each Score
Percentile by Number Answered
Your Score History
You have not taken this quiz